[Event "24. European Club Cup 2008"]
[Site "Kallithea GRE"]
[Date "2008.10.17"]
[Round "1.19"]
[White "Mauquoi, Rudi"]
[Black "Atlas, Dimitry"]
[Result "0-1"]
[WhiteElo "2032"]
[BlackElo "2322"]
[PlyCount "70"]
[EventDate "2008.10.17"]
[EventType "team-swiss"]
[EventRounds "7"]
[EventCountry "GRE"]
[Source "lmi"]
[SourceDate "2008.10.17"]
[WhiteTeam "Differdange"]
[BlackTeam "Hohenems"]

1. e4 e6 2. d4 d5 3. Nd2 Nf6 4. e5 Nfd7 5. Bd3 c5 6. c3 Nc6 7. Ne2 cxd4 8. cxd4
f6 9. exf6 Nxf6 10. Nf3 Bd6 11. O-O Qc7 12. Bg5 O-O 13. Rc1 Nh5 14. Ng3 Nf4 15.
Bb1 g6 16. Re1 Qg7 17. Nf1 h6 18. Bh4 g5 19. Bg3 Bd7 20. a3 g4 21. Nh4 Nxd4 22.
Rc3 e5 23. Ne3 Be6 24. Ba2 Qg5 25. Nc2 Nxc2 26. Qxc2 e4 27. Rxe4 dxe4 28. Bxf4
Rxf4 29. Bxe6+ Kh8 30. g3 Rf6 31. Qxe4 Re8 32. Rc8 Rxc8 33. Bxc8 Qc1+ 34. Kg2
Qxc8 35. Ng6+ Kg7 0-1

[Event "24. European Club Cup 2008"]
[Site "Kallithea GRE"]
[Date "2008.10.17"]
[Round "1.21"]
[White "Garcia-Ortega Mendez, Jose M"]
[Black "Zhang, Pengxiang"]
[Result "0-1"]
[WhiteElo "2223"]
[BlackElo "2636"]
[PlyCount "56"]
[EventDate "2008.10.17"]
[EventType "team-swiss"]
[EventRounds "7"]
[EventCountry "GRE"]
[Source "lmi"]
[SourceDate "2008.10.17"]
[WhiteTeam "Merida"]
[BlackTeam "Iretza"]

1. d4 Nf6 2. Nf3 e6 3. c4 b6 4. g3 Ba6 5. b3 d5 6. Bg2 Bb4+ 7. Bd2 Bd6 8. Qc2
O-O 9. O-O Nbd7 10. Bf4 Bxf4 11. gxf4 c5 12. dxc5 Nxc5 13. Ne5 Rc8 14. Nc3 Ncd7
15. Rfd1 Qc7 16. Nxd7 Nxd7 17. Qd2 Nf6 18. Nb5 Bxb5 19. cxb5 Qc2 20. e3 Rc5 21.
Qb4 Rfc8 22. Rd2 Qg6 23. Rad1 h5 24. Kh1 Rc1 25. h3 Qb1 26. Rxc1 Qxc1+ 27. Kh2
Qe1 28. Qd4 h4 0-1

[Event "24. European Club Cup 2008"]
[Site "Kallithea GRE"]
[Date "2008.10.17"]
[Round "1.21"]
[White "Bauer, Christian"]
[Black "Escobar Felix, Eduardo"]
[Result "1-0"]
[WhiteElo "2592"]
[BlackElo "2149"]
[PlyCount "98"]
[EventDate "2008.10.17"]
[EventType "team-swiss"]
[EventRounds "7"]
[EventCountry "GRE"]
[Source "lmi"]
[SourceDate "2008.10.17"]
[WhiteTeam "Iretza"]
[BlackTeam "Merida"]

1. e4 c5 2. Nf3 g6 3. Bc4 Bg7 4. O-O Nc6 5. c3 d6 6. d4 cxd4 7. cxd4 Nf6 8. Nc3
O-O 9. Be2 d5 10. e5 Ne4 11. Be3 Nxc3 12. bxc3 Bg4 13. Rb1 Na5 14. Ng5 Bxe2 15.
Qxe2 h6 16. Nf3 Rc8 17. h4 e6 18. Rfc1 Rc6 19. g3 Qe7 20. h5 g5 21. Kg2 Re8 22.
Bd2 Nc4 23. Be1 b6 24. Nh2 f5 25. exf6 Qxf6 26. Rd1 Qf5 27. a4 Nd6 28. f3 Nc4
29. Qd3 Qxd3 30. Rxd3 Rd8 31. Ng4 Kf7 32. Rdd1 Rd7 33. Rb4 Rdc7 34. Rd3 Kg8 35.
Kh3 Rb7 36. Rb1 Rbc7 37. Ne3 Nxe3 38. Rxe3 Kf7 39. f4 Bf6 40. Bd2 gxf4 41. gxf4
Rc4 42. Ra1 a6 43. Ra3 Rc8 44. Rg3 Rg8 45. Rxg8 Kxg8 46. Kg4 Kf7 47. Kf3 Be7
48. Ke2 Bd6 49. Kd3 Rc8 1-0

[Event "24. European Club Cup 2008"]
[Site "Kallithea GRE"]
[Date "2008.10.17"]
[Round "1.21"]
[White "Sanchez Silva, Luis Agapito"]
[Black "Gonzalez, De La Torre Santiag"]
[Result "1-0"]
[WhiteElo "2092"]
[BlackElo "2382"]
[PlyCount "91"]
[EventDate "2008.10.17"]
[EventType "team-swiss"]
[EventRounds "7"]
[EventCountry "GRE"]
[Source "lmi"]
[SourceDate "2008.10.17"]
[WhiteTeam "Merida"]
[BlackTeam "Iretza"]

1. d4 d5 2. c4 c6 3. cxd5 cxd5 4. Nc3 Nf6 5. Bf4 Nc6 6. Nf3 Ne4 7. e3 Nxc3 8.
bxc3 g6 9. Be2 Bg7 10. O-O O-O 11. c4 dxc4 12. Bxc4 Bf5 13. Rc1 Rc8 14. Qe2 Be4
15. Rfd1 Na5 16. Bd3 Rxc1 17. Rxc1 Bxf3 18. gxf3 e5 19. dxe5 Qe7 20. Qb2 Re8
21. Qb5 b6 22. Qa6 Bxe5 23. Bxe5 Qxe5 24. Qxa7 Rd8 25. Be4 Nc4 26. Qa6 b5 27.
a4 Qb2 28. Rb1 Qc3 29. Qxb5 Na3 30. Qb6 Rd2 31. Rf1 Nc4 32. Qb8+ Kg7 33. Qc7
Qb4 34. a5 Qb5 35. Rc1 Qg5+ 36. Qg3 Qxa5 37. Rxc4 Rd1+ 38. Kg2 Qb5 39. Qc7 Qg5+
40. Qg3 Qb5 41. Bc2 Rd5 42. Rd4 Rg5 43. Rg4 Rc5 44. Ba4 Qa6 45. Rd4 h6 46. h4
1-0

[Event "24. European Club Cup 2008"]
[Site "Kallithea GRE"]
[Date "2008.10.17"]
[Round "1.22"]
[White "Brady, Stephen"]
[Black "Andriasian, Zaven"]
[Result "1/2-1/2"]
[WhiteElo "2385"]
[BlackElo "2561"]
[PlyCount "56"]
[EventDate "2008.10.17"]
[EventType "team-swiss"]
[EventRounds "7"]
[EventCountry "GRE"]
[Source "lmi"]
[SourceDate "2008.10.17"]
[WhiteTeam "Phibsboro"]
[BlackTeam "FIMA"]

1. e4 d6 2. d4 Nf6 3. Nc3 g6 4. Be2 Bg7 5. Nf3 O-O 6. O-O c6 7. h3 b5 8. e5
Nfd7 9. exd6 exd6 10. Bf4 Nf6 11. Bd3 Na6 12. a4 b4 13. Ne4 Nxe4 14. Bxe4 d5
15. Bd3 c5 16. Bxa6 Bxa6 17. Re1 c4 18. Qd2 b3 19. cxb3 cxb3 20. Qb4 Bc4 21.
Re7 a5 22. Qc5 Re8 23. Rxe8+ Qxe8 24. Ne5 Qe6 25. Rc1 Bf8 26. Qc6 Qxc6 27. Nxc6
f6 28. Bd2 Bd3 1/2-1/2

[Event "24. European Club Cup 2008"]
[Site "Kallithea GRE"]
[Date "2008.10.17"]
[Round "1.22"]
[White "Melkumyan, Hrant"]
[Black "Jessel, Stephen"]
[Result "1-0"]
[WhiteElo "2541"]
[BlackElo "2303"]
[PlyCount "99"]
[EventDate "2008.10.17"]
[EventType "team-swiss"]
[EventRounds "7"]
[EventCountry "GRE"]
[Source "lmi"]
[SourceDate "2008.10.17"]
[WhiteTeam "FIMA"]
[BlackTeam "Phibsboro"]

1. c4 e6 2. d4 d5 3. Nc3 Nf6 4. Nf3 c6 5. Bg5 Nbd7 6. e3 Qa5 7. Bxf6 Nxf6 8.
Bd3 Bb4 9. Qc2 dxc4 10. Bxc4 Nd5 11. Rc1 Nxc3 12. bxc3 Bd6 13. O-O O-O 14. e4
b6 15. Bd3 Ba6 16. c4 Bf4 17. Rce1 f6 18. e5 f5 19. Rb1 g6 20. Rb3 b5 21. Rfb1
Rfc8 22. h4 Bb7 23. Qb2 a6 24. a4 Qd8 25. Bf1 Ra7 26. g3 Bh6 27. Bg2 Ba8 28.
Ne1 bxc4 29. Rb6 a5 30. Qc3 c5 31. Rd6 Qe8 32. d5 Bxd5 33. Bxd5 exd5 34. Rxd5
Qxa4 35. h5 Bg7 36. hxg6 hxg6 37. Rb6 Kh7 38. Nf3 Rd7 39. Ng5+ Kh6 40. Rxd7
Qxd7 41. Qxc4 Qd1+ 42. Kg2 Qg4 43. Qe6 Qxg5 44. Qxc8 Qg4 45. e6 Qe4+ 46. Kh2
Qc2 47. Qc6 f4 48. Qf3 fxg3+ 49. Kxg3 Be5+ 50. Kg2 1-0

[Event "24. European Club Cup 2008"]
[Site "Kallithea GRE"]
[Date "2008.10.17"]
[Round "1.22"]
[White "O'donovan, Richard"]
[Black "Grigoryan, Avetik"]
[Result "0-1"]
[WhiteElo "2162"]
[BlackElo "2513"]
[PlyCount "68"]
[EventDate "2008.10.17"]
[EventType "team-swiss"]
[EventRounds "7"]
[EventCountry "GRE"]
[Source "lmi"]
[SourceDate "2008.10.17"]
[WhiteTeam "Phibsboro"]
[BlackTeam "FIMA"]

1. e4 e5 2. Nf3 Nc6 3. d4 exd4 4. Nxd4 Bc5 5. Be3 Qf6 6. c3 Nge7 7. Bc4 Ne5 8.
Be2 Qg6 9. O-O Qxe4 10. Nd2 Qg6 11. b4 Bxd4 12. cxd4 N5c6 13. Bh5 Qf5 14. Bg4
Qg6 15. Bh5 Qf5 16. Bg4 Qb5 17. Rb1 d6 18. Be2 Qf5 19. Nf3 O-O 20. b5 Nd8 21.
Bg5 f6 22. Bd3 Qd5 23. Rc1 Qf7 24. Rxc7 Ne6 25. Bc4 d5 26. Bxd5 fxg5 27. Nxg5
Qf6 28. Nxe6 Nxd5 29. Rxg7+ Kh8 30. Qh5 Qf5 31. Rg5 Qxe6 32. Rxd5 Qf6 33. Re5
Bf5 34. Rfe1 Bg4 0-1

[Event "24. European Club Cup 2008"]
[Site "Kallithea GRE"]
[Date "2008.10.17"]
[Round "1.22"]
[White "Hayrapetian, Arman"]
[Black "Butler, Kevin"]
[Result "1-0"]
[WhiteElo "2402"]
[BlackElo "2088"]
[PlyCount "53"]
[EventDate "2008.10.17"]
[EventType "team-swiss"]
[EventRounds "7"]
[EventCountry "GRE"]
[Source "lmi"]
[SourceDate "2008.10.17"]
[WhiteTeam "FIMA"]
[BlackTeam "Phibsboro"]

1. e4 e5 2. Nf3 Nc6 3. d4 exd4 4. Nxd4 Nf6 5. Nc3 Bb4 6. Nxc6 bxc6 7. Bd3 d5 8.
exd5 cxd5 9. O-O O-O 10. Bg5 c6 11. Qf3 Be7 12. Rae1 Re8 13. h3 Be6 14. Ne2 Qd7
15. Nd4 Rab8 16. b3 h6 17. Bf4 Rb6 18. Re2 Nh7 19. Bxh6 gxh6 20. Bxh7+ Kxh7 21.
Nxe6 fxe6 22. Qf7+ Kh8 23. Rxe6 c5 24. Rfe1 Rf8 25. Qxe7 Qxe7 26. Rxe7 Rbf6 27.
R1e2 1-0

[Event "24. European Club Cup 2008"]
[Site "Kallithea GRE"]
[Date "2008.10.17"]
[Round "1.22"]
[White "Salter, David"]
[Black "Hambardzumian, Yuri"]
[Result "0-1"]
[WhiteElo "1953"]
[BlackElo "2355"]
[PlyCount "80"]
[EventDate "2008.10.17"]
[EventType "team-swiss"]
[EventRounds "7"]
[EventCountry "GRE"]
[Source "lmi"]
[SourceDate "2008.10.17"]
[WhiteTeam "Phibsboro"]
[BlackTeam "FIMA"]

1. d4 Nf6 2. Nc3 d5 3. Bg5 Nbd7 4. e3 e6 5. Nf3 Be7 6. Bd3 c5 7. O-O O-O 8. Ne5
Nxe5 9. dxe5 Nd7 10. Bxe7 Qxe7 11. f4 f6 12. Qh5 g6 13. exf6 Nxf6 14. Qg5 c4
15. Be2 Qc5 16. Qe5 b5 17. Bf3 Bd7 18. Ne2 Rae8 19. Nd4 Bc8 20. Qg5 c3 21. b3
b4 22. h4 Kh8 23. Rf2 Qc7 24. Re1 a5 25. Qe5 Qxe5 26. fxe5 Nd7 27. e4 Nxe5 28.
exd5 exd5 29. Bxd5 Rxf2 30. Kxf2 Ng4+ 31. Kf1 Rd8 32. Bc4 Rxd4 33. Re8+ Kg7 34.
Rxc8 Ne3+ 35. Kg1 Nxc2 36. Rc7+ Kf6 37. Rf7+ Ke5 38. Re7+ Kd6 39. Rxh7 Ne3 40.
Bb5 c2 0-1

[Event "24. European Club Cup 2008"]
[Site "Kallithea GRE"]
[Date "2008.10.17"]
[Round "1.23"]
[White "Ribbegren, Karl Johan"]
[Black "Balogh, Csaba"]
[Result "0-1"]
[WhiteElo "2067"]
[BlackElo "2616"]
[PlyCount "88"]
[EventDate "2008.10.17"]
[EventType "team-swiss"]
[EventRounds "7"]
[EventCountry "GRE"]
[Source "lmi"]
[SourceDate "2008.10.17"]
[WhiteTeam "Monaco"]
[BlackTeam "Baden"]
[WhiteTeamCountry "MNC"]

1. g3 e5 2. Bg2 Nf6 3. d3 d5 4. Nf3 Bd6 5. O-O O-O 6. Nc3 c6 7. e4 Bg4 8. h3
Bh5 9. Bg5 d4 10. Ne2 h6 11. Bd2 c5 12. g4 Bg6 13. Nh4 Nc6 14. Nf5 Re8 15. Neg3
Nh7 16. Nxd6 Qxd6 17. Nf5 Qc7 18. f4 Bxf5 19. exf5 c4 20. g5 c3 21. bxc3 dxc3
22. Bxc3 hxg5 23. fxg5 Nxg5 24. Qh5 Nh7 25. f6 Nxf6 26. Rxf6 gxf6 27. Be4 Kf8
28. Bd5 Ke7 29. Qxf7+ Kd6 30. Qxf6+ Kxd5 31. Rd1 a6 32. Bb2 b5 33. c4+ Kc5 34.
Qf2+ Nd4 35. cxb5 Qg7+ 36. Kh2 axb5 37. Rg1 Qd7 38. Rg6 Rf8 39. Qg1 Rf3 40.
Bxd4+ Qxd4 41. Qc1+ Kb4 42. Qe1+ Ka3 43. Rg2 Qf4+ 44. Kg1 Qe3+ 0-1

[Event "24. European Club Cup 2008"]
[Site "Kallithea GRE"]
[Date "2008.10.17"]
[Round "1.23"]
[White "Siebrecht, Sebastian"]
[Black "Sabo-Benke, Daniel"]
[Result "1-0"]
[WhiteElo "2451"]
[BlackElo "1947"]
[PlyCount "55"]
[EventDate "2008.10.17"]
[EventType "team-swiss"]
[EventRounds "7"]
[EventCountry "GRE"]
[Source "lmi"]
[SourceDate "2008.10.17"]
[WhiteTeam "Baden"]
[BlackTeam "Monaco"]
[BlackTeamCountry "MNC"]

1. c4 Nf6 2. Nc3 g6 3. e4 e5 4. Nge2 Nc6 5. g3 Bg7 6. Bg2 d6 7. O-O O-O 8. d3
Nd7 9. Be3 Nd4 10. f4 Nxe2+ 11. Qxe2 f5 12. Qd2 Nf6 13. fxe5 dxe5 14. exf5 gxf5
15. Bh3 Ng4 16. Bxg4 fxg4 17. Rxf8+ Qxf8 18. Rf1 Qd8 19. Nd5 Be6 20. Bg5 Qd7
21. Nf6+ Bxf6 22. Bxf6 Bf5 23. Bxe5 Rf8 24. d4 c6 25. Qg5+ Bg6 26. Rf6 Rf7 27.
Rxg6+ hxg6 28. Qxg6+ 1-0

[Event "24. European Club Cup 2008"]
[Site "Kallithea GRE"]
[Date "2008.10.17"]
[Round "1.23"]
[White "Botto, Julien"]
[Black "Sulyok, Michael"]
[Result "0-1"]
[WhiteElo "1907"]
[BlackElo "2227"]
[PlyCount "90"]
[EventDate "2008.10.17"]
[EventType "team-swiss"]
[EventRounds "7"]
[EventCountry "GRE"]
[Source "lmi"]
[SourceDate "2008.10.17"]
[WhiteTeam "Monaco"]
[BlackTeam "Baden"]
[WhiteTeamCountry "MNC"]

1. e4 g6 2. d4 Bg7 3. Nc3 d6 4. f4 a6 5. Nf3 b5 6. a3 Nd7 7. Bd3 Bb7 8. Ne2 c5
9. c3 Qb6 10. Be3 Ngf6 11. Qb1 O-O 12. h3 c4 13. Bc2 e5 14. O-O Rae8 15. Ng3
Bh6 16. Nd2 d5 17. Rf3 exf4 18. Bxf4 Bxf4 19. Rxf4 dxe4 20. Ngxe4 Nh5 21. Rf2
f5 22. Ng5 Qf6 23. Ngf3 Nf4 24. Qf1 Nd5 25. a4 Ne3 26. Qb1 g5 27. Nf1 g4 28.
Ne1 Nxc2 29. Qxc2 Be4 30. Qd2 Qh4 31. Qf4 Nf6 32. axb5 Nh5 33. Qc7 Re7 34.
Qxc4+ Ref7 35. bxa6 gxh3 36. Qe2 hxg2 37. Nxg2 Rg7 38. Nfe3 f4 39. Nf1 f3 40.
Qc4+ Kh8 41. Nfe3 Nf4 42. Qc5 Nh3+ 43. Kh2 Qg3+ 44. Kh1 Nxf2+ 45. Kg1 Nh3+ 0-1

[Event "24. European Club Cup 2008"]
[Site "Kallithea GRE"]
[Date "2008.10.17"]
[Round "1.23"]
[White "Herndlbauer, Martin"]
[Black "Levacic, Adrien"]
[Result "1-0"]
[WhiteElo "2122"]
[BlackElo "1891"]
[PlyCount "55"]
[EventDate "2008.10.17"]
[EventType "team-swiss"]
[EventRounds "7"]
[EventCountry "GRE"]
[Source "lmi"]
[SourceDate "2008.10.17"]
[WhiteTeam "Baden"]
[BlackTeam "Monaco"]
[BlackTeamCountry "MNC"]

1. e4 e5 2. Nf3 Nc6 3. Bb5 g6 4. c3 Nge7 5. d4 exd4 6. cxd4 d5 7. e5 Bg7 8. h3
O-O 9. Nc3 f6 10. exf6 Rxf6 11. Ne2 h6 12. Bf4 Bf5 13. Qd2 g5 14. Be3 Be4 15.
h4 g4 16. Nh2 h5 17. Ng3 Bg6 18. Bd3 Nf5 19. Bxf5 Bxf5 20. Nxh5 Re6 21. Nxg7
Kxg7 22. g3 Qd6 23. O-O Rae8 24. Rae1 Qb4 25. Bh6+ Kh7 26. Rxe6 Qxd2 27. Bxd2
Rxe6 28. Be3 1-0

[Event "24. European Club Cup 2008"]
[Site "Kallithea GRE"]
[Date "2008.10.17"]
[Round "1.23"]
[White "Rapaire, Jean-Michel"]
[Black "Geismann, Bernhard"]
[Result "0-1"]
[WhiteElo "1956"]
[BlackElo "2131"]
[PlyCount "126"]
[EventDate "2008.10.17"]
[EventType "team-swiss"]
[EventRounds "7"]
[EventCountry "GRE"]
[Source "lmi"]
[SourceDate "2008.10.17"]
[WhiteTeam "Monaco"]
[BlackTeam "Baden"]
[WhiteTeamCountry "MNC"]

1. e4 e5 2. Nf3 Nc6 3. Bb5 a6 4. Bxc6 dxc6 5. d4 exd4 6. Qxd4 Qxd4 7. Nxd4 Bd7
8. Be3 O-O-O 9. c3 Re8 10. Nd2 Ne7 11. O-O f5 12. exf5 Nxf5 13. Nxf5 Bxf5 14.
Rfe1 Rg8 15. Nb3 Bd6 16. Nd4 Bd7 17. Bd2 c5 18. Nf3 h6 19. Rxe8+ Rxe8 20. Re1
Rxe1+ 21. Nxe1 Be6 22. a3 Bf5 23. f4 c4 24. Kf2 b5 25. Nf3 c5 26. Ne5 Kc7 27.
h3 Kb6 28. g4 Bc8 29. Ke2 Ka5 30. Kd1 Ka4 31. Kc2 Bb7 32. h4 Be4+ 33. Kc1 Kb3
34. g5 hxg5 35. hxg5 a5 36. Be1 b4 37. axb4 cxb4 38. cxb4 axb4 39. Bd2 c3 40.
bxc3 bxc3 41. Be3 Ba3+ 42. Kd1 c2+ 43. Ke2 c1=Q 44. Bxc1 Bxc1 45. Nf7 Bxf4 46.
Nd8 Bd5 47. g6 Kc4 48. Nf7 Bxf7 49. Kf3 Bd6 50. gxf7 Kd5 51. Kg4 Ke6 52. f8=N+
Bxf8 53. Kg5 Kf7 54. Kf5 Be7 55. Ke5 g6 56. Kf4 Kf6 57. Kg4 Ke5 58. Kf3 Kf5 59.
Kg3 g5 60. Kf3 g4+ 61. Kg3 Bh4+ 62. Kg2 Kf4 63. Kf1 Kf3 0-1

[Event "24. European Club Cup 2008"]
[Site "Kallithea GRE"]
[Date "2008.10.17"]
[Round "1.24"]
[White "Karkanaqe, Ilir"]
[Black "Brkic, Ante"]
[Result "1/2-1/2"]
[WhiteElo "2383"]
[BlackElo "2558"]
[PlyCount "56"]
[EventDate "2008.10.17"]
[EventType "team-swiss"]
[EventRounds "7"]
[EventCountry "GRE"]
[Source "lmi"]
[SourceDate "2008.10.17"]
[WhiteTeam "Butrinti"]
[BlackTeam "Brijeg"]

1. Nf3 d5 2. d4 Nf6 3. c4 e6 4. g3 dxc4 5. Qa4+ Nbd7 6. Bg2 a6 7. Qxc4 b5 8.
Qc6 Rb8 9. Bf4 Nd5 10. Bg5 Be7 11. Bxe7 Qxe7 12. Nc3 Bb7 13. Nxd5 Bxc6 14. Nxe7
Kxe7 15. O-O Rhc8 16. Rfc1 Bd5 17. Ne1 Bxg2 18. Kxg2 c5 19. dxc5 Nxc5 20. Rc2
Nd7 21. Rac1 Rc4 22. b3 Rxc2 23. Rxc2 Kd6 24. Nd3 a5 25. f4 f6 26. Kf3 g6 27.
a3 a4 28. bxa4 bxa4 1/2-1/2

[Event "24. European Club Cup 2008"]
[Site "Kallithea GRE"]
[Date "2008.10.17"]
[Round "1.24"]
[White "Fercec, Nenad"]
[Black "Cela, Shkelqim"]
[Result "1-0"]
[WhiteElo "2481"]
[BlackElo "2302"]
[PlyCount "113"]
[EventDate "2008.10.17"]
[EventType "team-swiss"]
[EventRounds "7"]
[EventCountry "GRE"]
[Source "lmi"]
[SourceDate "2008.10.17"]
[WhiteTeam "Brijeg"]
[BlackTeam "Butrinti"]

1. e4 c5 2. Nf3 e6 3. d4 cxd4 4. Nxd4 Nf6 5. Nc3 d6 6. Be3 a6 7. Qd2 Be7 8. f3
Nc6 9. g4 O-O 10. O-O-O Nxd4 11. Bxd4 Nd7 12. h4 b5 13. g5 b4 14. Na4 Rb8 15.
Kb1 Qc7 16. b3 Bb7 17. Bh3 d5 18. g6 hxg6 19. h5 Ne5 20. Qf4 Bd6 21. hxg6 Nxg6
22. Qg5 Qe7 23. Qg2 dxe4 24. Bg4 Bf4 25. Qh3 Qh4 26. Qxh4 Nxh4 27. Rxh4 f5 28.
Bh5 Bg3 29. Rh3 Bf4 30. Bg6 Bh6 31. Nc5 exf3 32. Nxb7 Rxb7 33. Bc5 Rc8 34. Rxf3
Bg5 35. Be3 Bf6 36. Bf4 Rc3 37. Rfd3 Rxd3 38. Rxd3 Kf8 39. Bd6+ Be7 40. Be5 Bf6
41. Bg3 Bg5 42. Bf2 Ke7 43. Bd4 Rb8 44. Bh5 Bf4 45. Bxg7 e5 46. Rd1 Rg8 47. Rg1
Rd8 48. Be2 Be3 49. Rd1 Rxd1+ 50. Bxd1 Bd4 51. Bh5 f4 52. Kc1 Bc3 53. Kd1 Ke6
54. Bg6 Kd5 55. Ke2 Kd4 56. Kf3 a5 57. Bf6 1-0

[Event "24. European Club Cup 2008"]
[Site "Kallithea GRE"]
[Date "2008.10.17"]
[Round "1.24"]
[White "Zivkovic, Vjekoslav"]
[Black "Seitaj, Ilir"]
[Result "1/2-1/2"]
[WhiteElo "2429"]
[BlackElo "2391"]
[PlyCount "71"]
[EventDate "2008.10.17"]
[EventType "team-swiss"]
[EventRounds "7"]
[EventCountry "GRE"]
[Source "lmi"]
[SourceDate "2008.10.17"]
[WhiteTeam "Brijeg"]
[BlackTeam "Butrinti"]

1. e4 e5 2. Nf3 Nc6 3. Bb5 f5 4. d3 fxe4 5. dxe4 Nf6 6. O-O d6 7. Qd3 Bg4 8.
Nc3 Be7 9. h3 Bxf3 10. Qxf3 O-O 11. Qd1 Kh8 12. Be3 a6 13. Be2 h6 14. g3 Qe8
15. Bf3 Qg6 16. Bg2 Rae8 17. Kh2 Bd8 18. Nd5 Nxd5 19. Qxd5 Bg5 20. Bxg5 hxg5
21. Qd1 Re6 22. c3 Ref6 23. Kg1 Nd8 24. Qe2 Qf7 25. b4 Kg8 26. Rad1 Qe6 27. Rd5
Nc6 28. Rd3 Ne7 29. Kh2 Rh6 30. Rg1 Rhf6 31. Rf3 Kh8 32. Rxf6 Qxf6 33. Rd1 Ng8
34. Rd3 Qe7 35. Rf3 Nf6 36. Rf5 1/2-1/2

[Event "24. European Club Cup 2008"]
[Site "Kallithea GRE"]
[Date "2008.10.17"]
[Round "1.25"]
[White "Pavasovic, Dusko"]
[Black "Upton, Timothy J"]
[Result "1-0"]
[WhiteElo "2597"]
[BlackElo "2255"]
[PlyCount "47"]
[EventDate "2008.10.17"]
[EventType "team-swiss"]
[EventRounds "7"]
[EventCountry "GRE"]
[Source "lmi"]
[SourceDate "2008.10.17"]
[WhiteTeam "Ptuj"]
[BlackTeam "Bonnevoie"]

1. e4 e5 2. Nf3 Nc6 3. d4 exd4 4. Nxd4 Bc5 5. Nxc6 Qf6 6. Qd2 bxc6 7. Nc3 Ne7
8. Na4 Bb6 9. Bd3 O-O 10. O-O d5 11. Qf4 Qxf4 12. Bxf4 Ng6 13. Nxb6 cxb6 14.
Bd6 Rd8 15. Bc7 Rd7 16. Bg3 d4 17. f4 f6 18. e5 fxe5 19. Rae1 a5 20. Bc4+ Kh8
21. f5 Nf8 22. Bxe5 h6 23. f6 gxf6 24. Rxf6 1-0

[Event "24. European Club Cup 2008"]
[Site "Kallithea GRE"]
[Date "2008.10.17"]
[Round "1.25"]
[White "Ocantos, Manuel"]
[Black "Polajzer, Danilo"]
[Result "1/2-1/2"]
[WhiteElo "2136"]
[BlackElo "2360"]
[PlyCount "95"]
[EventDate "2008.10.17"]
[EventType "team-swiss"]
[EventRounds "7"]
[EventCountry "GRE"]
[Source "lmi"]
[SourceDate "2008.10.17"]
[WhiteTeam "Bonnevoie"]
[BlackTeam "Ptuj"]

1. d4 d5 2. Nf3 Nf6 3. g3 c6 4. Bg2 e6 5. O-O Nbd7 6. b3 Bd6 7. Bb2 O-O 8. c4
Qe7 9. Nc3 b6 10. cxd5 exd5 11. Rc1 Bb7 12. Qc2 Rfe8 13. e3 Ba3 14. Rfe1 Bb4
15. Nd2 Nf8 16. Rcd1 Rac8 17. Qf5 Rc7 18. Rc1 Bc8 19. Qb1 h5 20. a3 Bd6 21. b4
h4 22. e4 dxe4 23. Ndxe4 Nxe4 24. Rxe4 Qd8 25. Rxh4 Rce7 26. Bxc6 Bd7 27. Bxd7
Qxd7 28. Re4 Qb7 29. Rxe7 Qxe7 30. Qd3 Qg5 31. Rd1 Bb8 32. d5 Ng6 33. d6 Rd8
34. Ne4 Qg4 35. f3 Qe6 36. Qd4 f6 37. Ng5 Qb3 38. Rd3 Qa2 39. Ne4 Ne5 40. Re3
Qe6 41. f4 Ng4 42. Rd3 Rxd6 43. Nxd6 Qe1+ 44. Kg2 Qe2+ 45. Kg1 Qe1+ 46. Kg2
Qe2+ 47. Kg1 Qe1+ 48. Kg2 1/2-1/2

[Event "24. European Club Cup 2008"]
[Site "Kallithea GRE"]
[Date "2008.10.17"]
[Round "1.26"]
[White "Gilbert, Jonathan A"]
[Black "Malisauskas, Vidmantas"]
[Result "0-1"]
[WhiteElo "2069"]
[BlackElo "2479"]
[PlyCount "86"]
[EventDate "2008.10.17"]
[EventType "team-swiss"]
[EventRounds "7"]
[EventCountry "GRE"]
[Source "lmi"]
[SourceDate "2008.10.17"]
[WhiteTeam "Cwmbran"]
[BlackTeam "Vilnius"]

1. e4 c5 2. Nf3 d6 3. d4 cxd4 4. Nxd4 Nf6 5. Nc3 a6 6. Bc4 e6 7. Bb3 Nbd7 8. f4
Nc5 9. Qf3 Qc7 10. O-O b5 11. e5 Bb7 12. Qe2 Nxb3 13. Nxb3 Nd7 14. exd6 Bxd6
15. Ne4 Be7 16. c3 Qc4 17. Ng3 Qxe2 18. Nxe2 Nb6 19. Nbd4 O-O 20. b3 Rfd8 21.
Bd2 Bf6 22. Rfd1 b4 23. Rac1 Rac8 24. Kf2 g6 25. g3 h5 26. h3 Kg7 27. h4 bxc3
28. Bxc3 Nd5 29. Ba5 Re8 30. Nf3 Bb2 31. Rxc8 Rxc8 32. Rd2 Ba3 33. Ned4 Nf6 34.
Ng5 Rc1 35. Bd8 Ng4+ 36. Ke2 Bg2 37. Ndxe6+ fxe6 38. Rd7+ Kg8 39. Bb6 Rc8 40.
Bd4 Bf8 41. Nh7 Bc6 42. Ra7 Bb5+ 43. Kf3 Rc2 0-1

[Event "24. European Club Cup 2008"]
[Site "Kallithea GRE"]
[Date "2008.10.17"]
[Round "1.26"]
[White "Tew, Paul"]
[Black "Dambrauskas, Virginijus"]
[Result "0-1"]
[WhiteElo "2074"]
[BlackElo "2338"]
[PlyCount "84"]
[EventDate "2008.10.17"]
[EventType "team-swiss"]
[EventRounds "7"]
[EventCountry "GRE"]
[Source "lmi"]
[SourceDate "2008.10.17"]
[WhiteTeam "Cwmbran"]
[BlackTeam "Vilnius"]

1. e4 e6 2. d4 d5 3. f3 dxe4 4. fxe4 e5 5. Nf3 exd4 6. Bc4 Bc5 7. O-O Nf6 8.
Ng5 Be6 9. Bxe6 fxe6 10. e5 d3+ 11. Kh1 dxc2 12. Qxc2 Nfd7 13. Qc4 Qe7 14. Nxe6
Nxe5 15. Nxg7+ Qxg7 16. Qxc5 Nbd7 17. Qd4 O-O-O 18. Nc3 Rhg8 19. g3 Nb6 20. Qe4
Nd3 21. Qe6+ Qd7 22. Qxd7+ Rxd7 23. Bf4 Re8 24. b3 Nd5 25. Nxd5 Rxd5 26. Rf3
Re2 27. a4 Rb2 28. Raf1 Rxb3 29. Bh6 c5 30. Rf8+ Kc7 31. R8f7+ Rd7 32. Rxd7+
Kxd7 33. Rf7+ Kd6 34. Bf8+ Kc6 35. Rxh7 c4 36. Rh6+ Kd5 37. Rh4 c3 38. Bh6 c2
39. Rh5+ Ke4 40. Kg2 c1=Q 41. Bxc1 Nxc1 42. Rh8 Rb2+ 0-1

[Event "24. European Club Cup 2008"]
[Site "Kallithea GRE"]
[Date "2008.10.17"]
[Round "1.27"]
[White "Collins, Sam E"]
[Black "Sodoma, Jan"]
[Result "0-1"]
[WhiteElo "2412"]
[BlackElo "2358"]
[PlyCount "118"]
[EventDate "2008.10.17"]
[EventType "team-swiss"]
[EventRounds "7"]
[EventCountry "GRE"]
[Source "lmi"]
[SourceDate "2008.10.17"]
[WhiteTeam "Barbican"]
[BlackTeam "Ennis"]

1. Nf3 d5 2. d4 Nf6 3. c4 c6 4. e3 e6 5. Bd3 Nbd7 6. O-O Bd6 7. Nbd2 O-O 8. e4
e5 9. cxd5 cxd5 10. exd5 exd4 11. Ne4 Nxe4 12. Bxe4 Nf6 13. Qxd4 Nxe4 14. Qxe4
Qf6 15. Be3 Bf5 16. Qh4 Qxb2 17. Bd4 Qb5 18. Rfd1 Rfe8 19. Rac1 Qd7 20. Qg5 Bg6
21. Bc5 h6 22. Qd2 Be4 23. Bxd6 Bxf3 24. gxf3 Qxd6 25. Qd4 Re5 26. Rc3 Rae8 27.
Re3 Rg5+ 28. Kh1 Rd8 29. Red3 b6 30. Qc4 g6 31. Qc6 Qf4 32. d6 Rh5 33. Kg1
Qxh2+ 34. Kf1 Rc5 35. Qa4 Qh3+ 36. Ke2 Rd7 37. Qe4 Rc2+ 38. R1d2 Rc8 39. Rd5
Qe6 40. Re5 Rxd6 41. Rxe6 Rxe6 42. Qxe6 fxe6 43. Ke3 Rc7 44. Rd8+ Kg7 45. Ke4
Kf6 46. Rf8+ Rf7 47. Rh8 Kg5 48. Re8 Rf4+ 49. Ke3 Ra4 50. Rxe6 Rxa2 51. f4+ Kf5
52. Re5+ Kf6 53. Rd5 Ra3+ 54. Ke4 Ra4+ 55. Ke3 h5 56. Rd6+ Kg7 57. Rd7+ Kh6 58.
Rd6 Ra5 59. Kf3 Rb5 0-1